Slovak labour market and its specifics
Európska únia a Európa 2020, trh zamestnanosti. Slovenský trh práce a jeho špecifiká. Vývoj miery zamestnanosti v EÚ a na Slovensku.
Saved in:
| Main Author: | |
|---|---|
| Other Authors: | |
| Format: | Book Chapter |
| Language: | English |
| Subjects: | |
| Tags: |
No Tags, Be the first to tag this record!
|
MARC
| LEADER | 00000nla a2200000 4500 | ||
|---|---|---|---|
| 001 | 0234240 | ||
| 005 | 20240502093835.0 | ||
| 041 | 0 | |a eng | |
| 044 | |a HR | ||
| 245 | 1 | 0 | |a Slovak labour market and its specifics |c Roman Klimko, Eva Rievajová |
| 520 | |a Európska únia a Európa 2020, trh zamestnanosti. Slovenský trh práce a jeho špecifiká. Vývoj miery zamestnanosti v EÚ a na Slovensku. | ||
| 610 | 2 | 0 | |a trh práce |
| 610 | 2 | 0 | |a zamestnanosť |
| 610 | 2 | 0 | |a miera zamestnanosti |
| 610 | 2 | 0 | |a Európska únia |
| 610 | 2 | 0 | |a Slovensko |
| 100 | 1 | |a Klimko, Roman, 1985- | |
| 700 | 1 | |a Rievajová, Eva | |